[Event "Helsinki Seniors"]
[Site "Helsinki"]
[Date "2019.08.15"]
[Round "4"]
[White "Kaunas, Kestutis"]
[Black "Westerinen, Heikki MJ"]
[Result "1/2-1/2"]
[WhiteElo "2154"]
[BlackElo "2297"]
[PlyCount "27"]
[EventDate "2019.08.14"]
[EventType "tourn"]
[EventRounds "9"]
[EventCountry "FIN"]
[SourceTitle "CBM 191 Extra"]
[Source "ChessBase"]
[SourceDate "2019.09.30"]
[SourceVersion "1"]
[SourceVersionDate "2019.09.30"]
[SourceQuality "1"]

1. d4 Nf6 2. c4 g6 3. Nc3 Bg7 4. e4 d6 5. Nf3 0-0 6. Be2 c5 7. d5 e6 8. 0-0 exd5 9. cxd5 Re8 10. Nd2 a6 11. a4 b6 12. Qc2 Nbd7 13. Nc4 Ne5 14. Nxe5 1/2-1/2

[Event "Kuopio KSY op-A"]
[Site "Kuopio"]
[Date "2019.04.28"]
[Round "5"]
[White "Westerinen, Heikki MJ"]
[Black "Hartikainen, Jarmo"]
[Result "1-0"]
[WhiteElo "2306"]
[BlackElo "2109"]
[PlyCount "169"]
[EventDate "2019.04.27"]
[EventType "swiss"]
[EventRounds "5"]
[EventCountry "FIN"]
[SourceTitle "EXT 2021"]
[Source "ChessBase"]
[SourceDate "2020.10.23"]
[SourceVersion "1"]
[SourceVersionDate "2020.10.23"]
[SourceQuality "1"]

1. e4 c5 2. Nf3 e6 3. g3 Nc6 4. Bg2 Nf6 5. d3 d5 6. exd5 exd5 7. 0-0 Be7 8. h3 0-0 9. Re1 h6 10. Bf4 Bd6 11. Bxd6 Qxd6 12. Nc3 b6 13. Qd2 Bb7 14. a3 Rfe8 15. Nh4 Nd4 16. Ne2 Nxe2+ 17. Rxe2 Rxe2 18. Qxe2 Re8 19. Qd2 Qe5 20. c3 Qe2 21. Rd1 Qxd2 22. Rxd2 g6 23. Nf3 Kg7 24. d4 Nd7 25. Bf1 c4 26. Re2 Rxe2 27. Bxe2 f6 28. Bd1 b5 29. Kf1 Bc6 30. Ke2 Kf7 31. Ke3 Nf8 32. h4 h5 33. Ne1 Nd7 34. Ng2 Nb6 35. Nf4 Nd7 36. Bc2 f5 37. Nh3 Kf6 38. Ng5 Nf8 39. Nf3 Nd7 40. Bd1 a6 41. Be2 Ke6 42. Kf4 a5 43. Kg5 Kf7 44. Bf1 Kg7 45. Kf4 Kf6 46. Be2 Ke6 47. Ng5+ Kf6 48. f3 Nb6 49. Bd1 Bd7 50. Ke3 Bc6 51. Nh3 Bd7 52. Nf4 Bc6 53. Bc2 Be8 54. Ng2 Bc6 55. Kf4 Bd7 56. Ne3 Be6 57. Bd1 Bd7 58. g4 fxg4 59. fxg4 hxg4 60. Bxg4 Be6 61. Bf3 Bf7 62. Ng4+ Ke6 63. Ne5 Na4 64. Nxf7 Kxf7 65. Bxd5+ Kf6 66. Bc6 Nxb2 67. Bxb5 Nd1 68. Bxc4 Nxc3 69. d5 Na4 70. d6 Nb6 71. Bb5 Nd5+ 72. Kf3 Ke6 73. d7 Ke7 74. Kg4 Nc7 75. Bc4 Kxd7 76. Kg5 Ke7 77. Kxg6 Ne8 78. h5 Nf6 79. h6 Ng4 80. h7 Ne5+ 81. Kg7 Nxc4 82. h8Q Kd6 83. Kf6 Kc5 84. Ke6 Nb6 85. Qh5+ 1-0

[Event "WchT Seniors 65"]
[Site "Rhodes"]
[Date "2019.04.24"]
[Round "9.3"]
[White "Westerinen, Heikki MJ"]
[Black "Birnboim, Nathan"]
[Result "1/2-1/2"]
[WhiteElo "2286"]
[BlackElo "2365"]
[PlyCount "66"]
[EventDate "2019.04.16"]
[EventType "team-swiss"]
[EventRounds "9"]
[EventCountry "GRE"]
[SourceTitle "CBM 190 Extra"]
[Source "ChessBase"]
[SourceDate "2019.07.15"]
[SourceVersion "1"]
[SourceVersionDate "2019.07.15"]
[SourceQuality "1"]
[WhiteTeam "Finland III"]
[BlackTeam "Israel"]
[WhiteTeamCountry "FIN"]
[BlackTeamCountry "ISR"]

1. e4 c5 2. Nf3 Nc6 3. d4 cxd4 4. Nxd4 Nf6 5. Nc3 e6 6. a3 d6 7. Be2 Be7 8. 0-0 0-0 9. Be3 Bd7 10. Qd2 a6 11. Rad1 Qc7 12. f4 Rac8 13. Nb3 Rfd8 14. Bf3 Be8 15. Qf2 Nd7 16. Rd2 Bf6 17. Rfd1 Be7 18. Be2 b5 19. f5 Rb8 20. g4 Nde5 21. g5 b4 22. axb4 Rxb4 23. h4 a5 24. Nd4 Nxd4 25. Bxd4 d5 26. exd5 Rxd4 27. Rxd4 Bc5 28. Ne4 Bxd4 29. Rxd4 Qxc2 30. dxe6 Rxd4 31. Qxd4 Qxe2 32. Qxe5 Qe1+ 33. Kg2 Qe2+ 1/2-1/2

[Event "WchT Seniors 65"]
[Site "Rhodes"]
[Date "2019.04.18"]
[Round "3.3"]
[White "Westerinen, Heikki MJ"]
[Black "Renman, Nils Gustaf"]
[Result "0-1"]
[WhiteElo "2286"]
[BlackElo "2358"]
[PlyCount "66"]
[EventDate "2019.04.16"]
[EventType "team-swiss"]
[EventRounds "9"]
[EventCountry "GRE"]
[SourceTitle "CBM 190 Extra"]
[Source "ChessBase"]
[SourceDate "2019.07.15"]
[SourceVersion "1"]
[SourceVersionDate "2019.07.15"]
[SourceQuality "1"]
[WhiteTeam "Finland III"]
[BlackTeam "Sweden"]
[WhiteTeamCountry "FIN"]
[BlackTeamCountry "SWE"]

1. e4 e6 2. d4 d5 3. Nd2 c5 4. exd5 exd5 5. Ngf3 Nc6 6. Bb5 Qe7+ 7. Be2 Qc7 8. 0-0 Nf6 9. Re1 cxd4 10. Nb3 Bb4 11. Bd2 Bxd2 12. Qxd2 0-0 13. Nbxd4 Ne4 14. Qe3 Re8 15. Qb3 Bg4 16. Rad1 Rad8 17. Nxc6 bxc6 18. Nd4 Rb8 19. Qa3 Bxe2 20. Rxe2 c5 21. Nf3 d4 22. Rde1 Qc6 23. Qd3 f5 24. Qc4+ Qe6 25. Qxe6+ Rxe6 26. b3 Ra6 27. a4 Rd6 28. Nd2 d3 29. Nxe4 fxe4 30. Rd2 c4 31. bxc4 Rb2 32. Kf1 dxc2 33. Rde2 Rd1 0-1

[Event "FIN-chT 1819"]
[Site "Finland"]
[Date "2019.02.09"]
[Round "7.4"]
[White "Westerinen, Heikki MJ"]
[Black "Lehtosaari, Mauri"]
[Result "1/2-1/2"]
[WhiteElo "2282"]
[BlackElo "2183"]
[PlyCount "106"]
[EventDate "2018.09.15"]
[EventType "team-tourn"]
[EventRounds "11"]
[EventCountry "FIN"]
[SourceTitle "EXT 2021"]
[Source "ChessBase"]
[SourceDate "2020.10.23"]
[SourceVersion "1"]
[SourceVersionDate "2020.10.23"]
[SourceQuality "1"]
[WhiteTeam "Salo SalSK"]
[BlackTeam "Kotka KymS"]
[WhiteTeamCountry "FIN"]
[BlackTeamCountry "FIN"]

1. e4 d5 2. exd5 Qxd5 3. Nc3 Qd8 4. d4 c6 5. Bc4 Bf5 6. Nf3 e6 7. 0-0 Nf6 8. Re1 Be7 9. h3 h6 10. Bd3 Bxd3 11. Qxd3 0-0 12. Ne4 Nbd7 13. Bf4 Nxe4 14. Qxe4 Nf6 15. Qe2 Bd6 16. Bxd6 Qxd6 17. c3 Rfd8 18. Rad1 a6 19. Ne5 Qc7 20. Rd3 c5 21. dxc5 Qxc5 22. Red1 Rxd3 23. Rxd3 Qc7 24. c4 Rd8 25. b3 Rxd3 26. Nxd3 Nd7 27. Qc2 Qc6 28. Ne1 Ne5 29. Qe2 Qd6 30. Nf3 Nc6 31. Qd2 Qe7 32. g3 e5 33. Qd5 e4 34. Ne1 e3 35. Qf3 exf2+ 36. Qxf2 Qe4 37. Nf3 f5 38. Kg2 Ne5 39. Qf1 g5 40. Qd1 Kf7 41. Kf2 Ke6 42. Ne1 g4 43. Qd2 gxh3 44. Qxh6+ Kd7 45. Qxh3 Ng4+ 46. Kf1 Qd4 47. Qh7+ Kc6 48. Qh1+ Kc7 49. Qg1 Qd2 50. Qc5+ Kb8 51. Qf8+ Ka7 52. Qc5+ Kb8 53. Qf8+ Ka7 1/2-1/2

[Event "Divcibare Narcis op"]
[Site "Divcibare"]
[Date "2018.10.08"]
[Round "9"]
[White "Westerinen, Heikki MJ"]
[Black "Ivanov, Mikhail M"]
[Result "1/2-1/2"]
[WhiteElo "2282"]
[BlackElo "2367"]
[PlyCount "20"]
[EventDate "2018.09.30"]
[EventType "swiss"]
[EventRounds "9"]
[EventCountry "SRB"]
[SourceTitle "CBM 187 Extra"]
[Source "ChessBase"]
[SourceDate "2018.11.04"]
[SourceVersion "1"]
[SourceVersionDate "2018.11.04"]
[SourceQuality "1"]

1. e4 e5 2. Nf3 Nc6 3. Bb5 a6 4. Ba4 Nge7 5. 0-0 g6 6. d4 exd4 7. Nxd4 Bg7 8. Be3 0-0 9. c3 Ne5 10. Bb3 d6 1/2-1/2